=LDR 00000nam 2200000 4500 =001 INLIS000000000050013 =005 20200729073747 =035 ##$$a 0010-041700000000203 =008 200729################g##########0#ind## =082 ##$$a 2x7.1 =100 1#$$a Qutb, Sayyid =245 1#$$a Karakteristik konsepsi islam /$c Sayyid Qutb; Penerjemah, Drs. Muzzakir =260 ##$$a Bandung :$b Pustaka,$c 1990 =084 ##$$a 2x7.1 QUT k =250 ##$$a cet.1 =300 ##$$a 239 hlm., ; $c 14 x 21 cm =650 #4$$a Islam =990 ##$$a 00092143 =990 ##$$a 00091087